[Event "Floripa Chess Open 2024"]
[Site "Florianopolis"]
[Date "2024.01.23"]
[Round "5.192"]
[White "Paiva, Gaston"]
[Black "Kortmann, Pedro Reck"]
[Result "1-0"]
[WhiteElo "1472"]
[BlackElo "1159"]
[PlyCount "59"]
[EventDate "2024.01.20"]
[EventRounds "10"]
[EventCountry "BRA"]

1. d4 d5 2. c4 e6 3. Nc3 Bb4 4. Nf3 Nf6 5. Bg5 h6 6. Bh4 Nc6 7. e3 g5 8. Bg3
Ne4 9. Qc2 Bd7 ({RR} 9... h5 10. h3 Nxg3 11. fxg3 Bd6 12. Qf2 h4 13. gxh4 gxh4
14. O-O-O Bg3 15. Qc2 a6 16. e4 Qd6 17. cxd5 Nb4 18. Qb3 exd5 19. a3 dxe4 20.
Nxe4 Qf4+ 21. Ned2 Nc6 22. Bc4 Na5 23. Qa4+ b5 24. Qxa5 {Martinez Torras,P 
(1631)-Bieg Pagel,C (1812) Barcelona 2017 1/2-1/2 (66)}) 10. cxd5 $146 ({RR} 
10. Bd3 Nxg3 11. hxg3 Qf6 12. a3 Bxc3+ 13. bxc3 dxc4 14. Bxc4 g4 15. Nd2 Na5
16. Be2 e5 17. Rh5 Nc6 18. d5 Qg6 19. Qxg6 fxg6 20. Rh1 Ne7 21. e4 O-O-O 22.
Nc4 h5 23. Nxe5 Ba4 24. Nf7 Rhf8 {Spacapan,S (1890)-Lammer,M (1575) Graz 2012
1-0 (40)}) 10... exd5 11. Bd3 Bf5 12. O-O Qd7 13. a3 Bxc3 14. bxc3 Nxg3 15.
hxg3 Bxd3 16. Qxd3 O-O-O 17. c4 dxc4 18. Qxc4 Qd5 19. Qa4 h5 20. Rac1 Rd6 21.
Rc5 Qe4 22. Nxg5 Qg6 23. Rfc1 Kb8 24. Qb3 Rg8 25. Qxf7 b6 26. Rxc6 Rxc6 27.
Rxc6 Qxg5 28. Rxc7 Qd8 29. Rb7+ Kc8 30. Rxa7 1-0

[Event "Floripa Chess Open 2024"]
[Site "Florianopolis"]
[Date "2024.01.23"]
[Round "5.193"]
[White "Ataide, Gerson Britto"]
[Black "Seara, Sophia Parisotto"]
[Result "1-0"]
[WhiteElo "1463"]
[BlackElo "1154"]
[PlyCount "63"]
[EventDate "2024.01.20"]
[EventRounds "10"]
[EventCountry "BRA"]

1. d4 d5 2. c4 c6 3. Nc3 Nf6 4. Bf4 dxc4 5. a4 Bf5 6. e3 e6 7. Bxc4 Qb6 8. Qb3
$146 ({RR} 8. Qc1 Bb4 9. Nge2 O-O 10. O-O a5 11. f3 Na6 12. e4 Bg6 13. Be3 Qd8
14. Nf4 Qe7 15. Nd3 h6 16. Rd1 Rfd8 17. g4 Nd7 18. Qc2 Kh8 19. Qf2 f5 20. Nf4
Bf7 21. h4 fxe4 22. Nxe4 e5 {Kizatbay,A (1932)-Leonhardsen,V (1726) Helsingor
DEN 2018 1-0 (43)}) 8... Qxb3 9. Bxb3 Bb4 10. Nge2 O-O 11. O-O Nbd7 12. f3 Nb6
13. e4 Bg6 14. Be3 Rfd8 15. a5 Nbd7 16. Rfd1 c5 17. d5 exd5 18. Nxd5 a6 19. Bg5
Kf8 20. Bf4 Nxd5 21. Bxd5 Ra7 22. Nc3 f6 23. Bc7 Rc8 24. Bd6+ Ke8 25. Be6 Bxc3
26. bxc3 b6 27. axb6 Rb7 28. Rxa6 Bf7 29. Bxd7+ Rxd7 30. Ra7 Rxa7 31. bxa7 c4
32. Bb8 1-0

[Event "Floripa Chess Open 2024"]
[Site "Florianopolis"]
[Date "2024.01.23"]
[Round "5.194"]
[White "Lisboa, Maria Eduarda Mazza"]
[Black "Andersson, Cristian De Oliveir"]
[Result "0-1"]
[WhiteElo "1081"]
[BlackElo "1461"]
[PlyCount "80"]
[EventDate "2024.01.20"]
[EventRounds "10"]
[EventCountry "BRA"]

1. e4 c5 2. Nf3 g6 3. c3 Bg7 4. d4 cxd4 5. cxd4 Nf6 6. Nc3 O-O 7. Be2 ({RR} 7.
e5 Ne8 8. Be2 d6 9. O-O Nc6 10. Bf4 Kh8 11. Re1 dxe5 12. dxe5 Qxd1 13. Raxd1
Nc7 14. h3 h6 15. Bg3 Be6 16. Rd2 Rad8 17. Red1 Rxd2 18. Rxd2 a6 19. Kf1 b5 20.
b3 b4 21. Na4 Rd8 {Berelowitsch,A (2515)-Kachanov,A (2315) Minsk 1998 1-0 (38)}
) ({RR} 7. h3 d5 8. e5 Ne4 9. Bd3 f5 10. exf6 exf6 11. Qb3 Nxc3 12. bxc3 Nc6
13. O-O Na5 14. Qa3 Rf7 15. Bf4 Bf8 16. Qa4 a6 17. Rfe1 b5 18. Qc2 Bb7 19. a4
Nc4 20. axb5 axb5 21. Qb3 Qb6 {Mariano,C-Sibt,A (2088) chess.com INT 2021 1/
2-1/2 (61)}) 7... d5 8. e5 Ng4 $146 ({RR} 8... Ne4 9. O-O Nxc3 10. bxc3 Nc6 11.
c4 dxc4 12. Bxc4 Na5 13. Be2 Be6 14. Ng5 Bd5 15. Bf3 Rc8 16. Re1 Nc6 17. Be3 f6
18. exf6 exf6 19. Bxd5+ Qxd5 20. Nf3 Rcd8 21. Qd2 Rf7 22. Red1 Rfd7 23. Rab1 {
Reissmann,P-Balinas,R Havana 1966 0-1 (40)}) ({RR} 8... Ne4 9. O-O Nc6 10. Be3
Nxc3 11. bxc3 Bg4 12. Rb1 Na5 13. h3 Bxf3 14. Bxf3 Qd7 15. h4 e6 16. h5 Rfc8
17. hxg6 hxg6 18. Rc1 Rc7 19. g3 Rac8 20. Qd3 Qa4 21. Rc2 Nc4 22. Bg5 Bxe5 23.
Kg2 {Pripis,F-Giorgadze,T Simferopol (Ukraine) 1975 1/2-1/2 (38)}) ({RR} 8...
Ne8 9. O-O Nc6 10. Be3 Nc7 11. Qd2 Re8 12. Rac1 a6 13. Na4 Ne6 14. Nc5 Nxc5 15.
Rxc5 Bg4 16. Rfc1 Bxf3 17. Bxf3 e6 18. a3 Qd7 19. h4 Rac8 20. Qc2 Ne7 21. g4
Rxc5 22. Qxc5 Rc8 23. Qb6 {Engelmann,W-Radeck,K Bayern 1997 1-0 (70)}) 9. h3
Nh6 10. O-O Nc6 11. Be3 Nf5 12. Qd2 Nxe3 13. Qxe3 Be6 14. Ng5 Bh6 15. Nxe6 Bxe3
16. Nxd8 Bxf2+ 17. Rxf2 Raxd8 18. Rd1 a6 19. b3 e6 20. Na4 Rc8 21. Nc5 Nxd4 22.
Nxb7 Nc6 23. Bxa6 Nxe5 24. Nd6 Rc6 25. Nb5 Rxa6 26. Nd4 Rc8 27. b4 Nc4 28. b5
Ra4 29. Rc1 Rb8 30. Rb1 Na3 31. Nc6 Rxb5 32. Rxb5 Nxb5 33. Rb2 Nc3 34. Nb4 Kf8
35. Kf1 Ke8 36. Ke1 Ke7 37. Kd2 d4 38. Kc2 Kd6 39. Kb3 Ra5 40. Kc4 e5 0-1

[Event "Floripa Chess Open 2024"]
[Site "Florianopolis"]
[Date "2024.01.23"]
[Round "5.195"]
[White "Altenhofen, Rafael Graneto"]
[Black "Telles, Arnoldo Beber"]
[Result "1-0"]
[WhiteElo "1446"]
[BlackElo "1116"]
[PlyCount "81"]
[EventDate "2024.01.20"]
[EventRounds "10"]
[EventCountry "BRA"]

1. d4 d5 2. c4 c6 3. Nf3 Bf5 4. Nc3 Nf6 5. Bf4 dxc4 6. a4 e6 ({RR} 6... Nd5 7.
Bg3 e6 8. e3 {1/2-1/2 (8) Milenkovic,M (2404)-Martinovic,S (2447) Vrnjacka
Banja 2012}) 7. Bd2 ({RR} 7. e3 Bb4 8. Bxc4 Ne4 9. Qb3 Qe7 10. h3 O-O 11. O-O
a5 12. Rfd1 Na6 13. Rac1 Nc7 14. Nxe4 Bxe4 15. Ng5 Bg6 16. Nf3 Nd5 17. Bg3 Bh5
18. e4 Nb6 19. Be2 Rac8 20. Bh4 Qd6 21. Bg3 Qe7 {Nicoara,M (2066)-Thomas,A 
(1954) Cesson-Sevigne FRA 2021 1/2-1/2}) 7... Nd5 8. Ne5 Nf6 $146 ({RR} 8...
Nd7 9. Nxc4 N7b6 10. e3 Be7 11. Be2 O-O 12. O-O Re8 13. f3 Nxc4 14. Bxc4 Bg6
15. e4 Nb6 16. Bb3 Qxd4+ 17. Kh1 Rad8 18. Bf4 Qb4 19. Qc2 h6 20. a5 Nd5 21. Na2
Qd4 22. Rfd1 Qf6 23. Bg3 {Priebs,L (1917)-Steingrueber,F (1746) Goch 2013 1-0 
(62)}) ({RR} 8... Nb4 9. e4 Qxd4 10. Nxf7 Kxf7 11. exf5 exf5 12. Be3 Nd3+ 13.
Bxd3 Qxd3 14. Qxd3 cxd3 15. O-O-O Nd7 16. Rxd3 Nf6 17. Rhd1 Be7 18. Rd7 Nxd7
19. Rxd7 b6 20. Bg5 Rhe8 21. Rc7 h6 22. Bf4 Rec8 23. Rb7 {Kasetchol,S (2012)
-Nakvanich,S (1844) Bangkok 2015 0-1 (58)}) 9. e3 Nbd7 10. Nxd7 Qxd7 11. Bxc4
Be7 12. O-O O-O 13. h3 Ne4 14. Nxe4 Bxe4 15. Bc3 Bg5 16. Bd3 Bxd3 17. Qxd3 Bf6
18. Qe2 Rfd8 19. Rfd1 Qc7 20. Rac1 Qe7 21. Rc2 Qe8 22. b4 Rd5 23. Ba1 Be7 24.
Rb1 Rb8 25. b5 cxb5 26. Rxb5 Rd6 27. Qg4 Rd5 28. Rxd5 exd5 29. Qd1 Rd8 30. Rc7
Rd7 31. Rxd7 Qxd7 32. Qc2 a6 33. Qb3 Bd6 34. Bc3 Bb8 35. Bb4 Bc7 36. Bc5 Qc6
37. Kf1 b5 38. axb5 Qxb5+ 39. Qxb5 axb5 40. Bb4 f5 41. Ke2 1-0

[Event "Floripa Chess Open 2024"]
[Site "Florianopolis"]
[Date "2024.01.23"]
[Round "5.198"]
[White "Martins, Joao Fernandes"]
[Black "De Oliveira Fernandes, Luis Felipe Araujo"]
[Result "1-0"]
[WhiteElo "1426"]
[BlackElo "1800"]
[PlyCount "44"]
[EventDate "2024.01.20"]
[EventRounds "10"]
[EventCountry "BRA"]

1. e4 c5 2. Nf3 d6 3. d4 cxd4 4. Nxd4 Nf6 5. Nc3 a6 6. f3 e5 7. Nb3 Be7 8. Be3
Be6 9. Qd2 Nc6 10. Nd5 ({RR} 10. O-O-O b6 11. g4 b5 12. h4 Na5 13. Nxa5 Qxa5
14. a3 b4 15. Nb1 Rb8 16. h5 Qa4 17. Qe2 Rc8 18. Rd2 Bc4 19. Qd1 Ba2 20. c3
Bxb1 21. Qxa4+ {1-0 (21) Terzi,A (2254)-Tsukerman,J (1802) chess.com INT 2024})
10... b5 $146 ({RR} 10... Nd7 11. O-O-O Bxd5 12. exd5 Na7 13. Kb1 O-O 14. g4
Qc7 15. h4 Rfc8 16. g5 Nb6 17. h5 Nc4 18. Bxc4 Qxc4 19. Rdg1 Qa4 20. g6 f5 21.
h6 hxg6 22. hxg7 Kxg7 23. Rxg6+ Kxg6 24. Qg2+ Kf7 25. Rh7+ {Pinanez,M (1682)
-Franco,J (1793) Foz do Iguacu 2015 1-0}) ({RR} 10... Bxd5 11. exd5 Nb8 12.
O-O-O Nbd7 13. Kb1 Qc7 14. c4 a5 15. a4 Nb6 {1/2-1/2 (15) Relange,E (2490)
-Miralles,G (2515) Meribel 1998}) ({RR} 10... Bxd5 11. exd5 Nb8 12. g4 O-O 13.
O-O-O Nbd7 14. Qf2 Rc8 15. h4 Ne8 16. Bd3 b5 17. Kb1 Rb8 18. Bf5 Rb7 19. g5 g6
20. Bg4 a5 21. Qh2 a4 22. Nd2 f5 23. gxf6 Ndxf6 24. Be6+ Kh8 25. f4 {Pereira,
R-Ferreira,A Mangualde 1982 1-0 (37)}) 11. Bb6 Qc8 12. Nc7+ Kd7 13. Nxa8 Qxa8
14. Nc5+ Kc8 15. Nxe6 Kb7 16. Be3 fxe6 17. Bd3 Re8 18. O-O d5 19. c3 d4 20. Bf2
Rd8 21. a4 Qc8 22. axb5 axb5 1-0

[Event "Floripa Chess Open 2024"]
[Site "Florianopolis"]
[Date "2024.01.23"]
[Round "5.199"]
[White "Da Rosa, Pauline Cardoso"]
[Black "De Oliveira, Luiz Carlos"]
[Result "0-1"]
[WhiteElo "1800"]
[BlackElo "1422"]
[PlyCount "58"]
[EventDate "2024.01.20"]
[EventRounds "10"]
[EventCountry "BRA"]

1. e4 e5 2. Nf3 Nc6 3. Bc4 Bc5 4. O-O Nf6 5. d3 h6 6. Nbd2 O-O ({RR} 6... d6 7.
a4 a6 8. c3 O-O 9. h3 Be6 10. Re1 Re8 11. Bxe6 Rxe6 12. Nf1 Re8 13. Ng3 d5 14.
Qe2 Qd7 15. Be3 Bxe3 16. Qxe3 Rad8 17. Rad1 dxe4 18. Nxe4 Nxe4 19. Qxe4 f5 20.
Qc4+ Kh7 21. Rd2 {Grieve,H (2351)-Tarasova,V (2226) chess.com INT 2021 0-1 (35)
}) 7. Re1 a6 ({RR} 7... d6 8. Nf1 Bg4 9. c3 Re8 10. b4 Bb6 11. Be3 Qd7 12. a4
a5 13. Bxb6 cxb6 14. b5 Ne7 15. Ne3 Rad8 16. Nxg4 Nxg4 17. Qe2 d5 18. exd5 Nxd5
19. h3 Nxc3 20. Qb2 e4 21. dxe4 Rxe4 22. Rxe4 {Chuvaiev,I (1267)-Samchuk,T
Kyiv UKR 2023 1-0 (46)}) 8. c3 d6 9. b4 $146 ({RR} 9. a3 b5 10. Ba2 Be6 11. b4
Bb6 12. c4 Nd4 13. Nxd4 Bxd4 14. Rb1 Nd7 15. Qf3 f5 16. Qg3 fxe4 17. Nxe4 Nf6
18. Bxh6 Nh5 19. Qg6 Qe8 20. Qxe8 Raxe8 21. Rf1 gxh6 22. Bb3 Rf7 23. h3 Ref8 {
Pema Rinchen-Sharikhan,S (1789) chess.com INT 2020 0-1}) ({RR} 9. a3 b5 10. Ba2
Be6 11. b4 Bb6 12. c4 Nd4 13. Nxd4 Bxd4 14. Rb1 Nd7 15. Qf3 f5 16. Qg3 fxe4 17.
Nxe4 Nf6 18. Bxh6 Nh5 19. Qg6 Qe8 20. Qxe8 Raxe8 21. Rf1 gxh6 22. Bb3 Rf7 23.
h3 Ref8 {Pema Rinchen-Sharikhan,S (1789) chess.com INT 2020 0-1}) 9... Ba7 10.
Nf1 b5 11. Bb3 Ng4 12. Re2 Kh7 13. h3 Nxf2 14. Rxf2 Bxf2+ 15. Kxf2 f5 16. exf5
Bxf5 17. Ng3 Bg6 18. Bd5 Qd7 19. Kg1 Rad8 20. Nh4 Ne7 21. Be4 Rf6 22. Bxg6+
Nxg6 23. Qh5 Nxh4 24. Bg5 Nxg2 25. Bxf6 Nf4 26. Qh4 gxf6 27. Qxf6 Rg8 28. Kh2
Qxh3+ 29. Kg1 Qg2# 0-1

[Event "Floripa Chess Open 2024"]
[Site "Florianopolis"]
[Date "2024.01.23"]
[Round "5.200"]
[White "Goncalves, Richard Gabriel Sim"]
[Black "Costa Neto, Luis Antonio"]
[Result "1-0"]
[WhiteElo "1800"]
[BlackElo "1415"]
[PlyCount "61"]
[EventDate "2024.01.20"]
[EventRounds "10"]
[EventCountry "BRA"]

1. d4 Nf6 2. Nf3 e6 3. e3 g6 4. Bd3 Bg7 5. O-O O-O 6. Nbd2 b6 7. b3 Bb7 8. Bb2
d6 ({RR} 8... d5 9. c4 Nbd7 10. cxd5 Nxd5 11. Rc1 c5 12. a3 Rc8 13. Qe2 cxd4
14. Nxd4 Nc5 15. Bc4 Qe7 16. b4 Na4 17. Ba1 a5 18. Bxd5 Bxd5 19. Qb5 Rxc1 20.
Rxc1 Qe8 21. Qe2 axb4 22. axb4 Qd7 23. N2f3 {Ashraf,A (2340)-Klukin,K (2390)
chess.com INT 2023 1-0 (49)}) 9. Qe2 Nbd7 10. c4 $146 ({RR} 10. Rad1 Qe7 11.
Rfe1 Rad8 12. e4 Nh5 13. Qe3 c5 14. Re2 h6 15. c3 Kh7 16. e5 d5 17. g4 f5 18.
exf6 Nhxf6 19. Qxe6 Qxe6 20. Rxe6 Ne4 21. Nxe4 dxe4 22. Bxe4 Bxe4 23. Rxe4 Rxf3
24. dxc5 Nf6 {Raasch,H-Ouadi,W (1962) Berlin 2015 0-1}) 10... c5 11. Rad1 Re8
12. e4 cxd4 13. Nxd4 e5 14. Nb5 Nc5 15. Bb1 a6 16. Nc3 Ne6 17. Nd5 Bxd5 18.
cxd5 Nc5 19. f3 b5 20. Rc1 Bh6 21. Rc2 Qb6 22. Kh1 Bxd2 23. Qxd2 b4 24. Rfc1
Nfd7 25. Rc4 a5 26. Bd3 Rac8 27. Bf1 Rc7 28. g3 Qa7 29. Bh3 Nb6 30. R1c2 Rec8
31. Bf1 1-0

[Event "Floripa Chess Open 2024"]
[Site "Florianopolis"]
[Date "2024.01.23"]
[Round "5.201"]
[White "Viana, Amanda Thamy Koto"]
[Black "Nascimento, Bianca Alencar De S"]
[Result "0-1"]
[WhiteElo "1800"]
[BlackElo "1389"]
[PlyCount "77"]
[EventDate "2024.01.20"]
[EventRounds "10"]
[EventCountry "BRA"]

1. e4 c5 2. c3 d5 3. exd5 Qxd5 4. d4 cxd4 5. cxd4 Nc6 6. Nf3 Bg4 7. Nc3 Bxf3 8.
Nxd5 Bxd1 9. Nc7+ Kd7 10. Nxa8 Bh5 11. Bb5 e6 12. O-O Bd6 13. Be3 Nge7 14. Nb6+
axb6 15. Rac1 $146 ({RR} 15. h3 Nd5 16. a4 Nc7 17. Rfc1 Nxb5 18. axb5 Na5 19.
Ra4 Rc8 20. Rxc8 Kxc8 21. d5 exd5 22. Bxb6 Nc4 23. Ra8+ Kd7 24. Bd4 Be5 25.
Bxe5 Nxe5 26. f4 Nd3 27. g4 Nxf4 28. gxh5 Nxh3+ 29. Kf1 Nf4 {Coward,N (1770)
-Freeland,A (1946) Bournemouth 2016 1/2-1/2 (41)}) 15... Ra8 16. a3 Ra5 17. Bd3
Ra4 18. Bb5 Ra5 19. a4 Bb4 20. f3 Nd5 21. Bf2 Nc7 22. Bxc6+ bxc6 23. Rc4 Rxa4
24. b3 b5 25. bxa4 bxc4 26. Rc1 c3 27. Be1 Nd5 28. Ra1 Ba5 29. Kf2 Bg6 30. Rc1
Kd6 31. g3 Bd3 32. f4 c5 33. dxc5+ Kxc5 34. Kf3 f5 35. g4 Bc4 36. Kg3 Kb4 37.
gxf5 exf5 38. Bxc3+ Nxc3 39. Kh4 0-1

[Event "Floripa Chess Open 2024"]
[Site "Florianopolis"]
[Date "2024.01.23"]
[Round "5.203"]
[White "Vaz, Pedro Henrique Lins"]
[Black "De Oliveira, Ricardo W Lima"]
[Result "1/2-1/2"]
[WhiteElo "1359"]
[BlackElo "1800"]
[PlyCount "87"]
[EventDate "2024.01.20"]
[EventRounds "10"]
[EventCountry "BRA"]

1. e4 c5 2. c3 d5 3. exd5 Qxd5 4. Nf3 Nc6 5. d4 e5 6. Bb5 ({RR} 6. Nbd2 exd4 7.
Bc4 Qf5 8. O-O Be6 9. Bb5 Bd6 10. cxd4 Nf6 11. Nh4 {1/2-1/2 (11) Baklan,V  
(2591)-David,A (2544) Vlissingen 1999}) 6... Bg4 ({RR} 6... cxd4 7. Qe2 Bd6 8.
cxd4 Bg4 9. Nc3 Bxf3 10. gxf3 Qxd4 11. O-O Qh4 12. f4 Nge7 13. fxe5 Bc7 14. Kh1
O-O 15. f4 Nf5 16. Rg1 Bb6 17. Rg4 Qh5 18. Bd2 Rad8 19. Bxc6 bxc6 20. Ne4 Rxd2
21. Nxd2 {Petukhov,D (2350)-Boraso,A (2316) chess.com INT 2023 0-1}) 7. Qd3
$146 ({RR} 7. Bxc6+ bxc6 8. Nbd2 cxd4 9. cxd4 e4 10. Qe2 Nf6 11. Qe3 Bd6 12.
O-O Bxf3 13. Nxf3 O-O 14. Ng5 Bxh2+ 15. Kh1 Bc7 16. Bd2 h6 17. Nh3 Rad8 18. Bc3
Ng4 19. Qe2 Qd6 20. g3 Qe6 21. Kg2 f5 {Rerabkova,L-Mezera,L (1770) Klatovy
1998 0-1}) ({RR} 7. Be3 cxd4 8. Be2 Bxf3 9. Bxf3 e4 10. c4 Bb4+ 11. Nc3 Qxc4
12. Be2 Bxc3+ 13. bxc3 Qxc3+ 14. Bd2 Qa3 15. Bb5 Nge7 16. Qg4 O-O 17. Qxe4 Qb2
18. Rb1 Qxa2 19. Bd3 Ng6 20. Be2 Rfe8 21. Qd3 Nge5 {Alvaro,F (1557)-Todic,S  
(1748) Cutro 2008 0-1}) 7... e4 8. Qe3 O-O-O 9. c4 cxd4 10. Qg5 Qe6 11. Bxc6
bxc6 12. Ne5 Bf5 13. Nxc6 Qxc6 14. Qxf5+ Qe6 15. Qxe6+ fxe6 16. Bg5 Be7 17.
Bxe7 Nxe7 18. Nd2 e3 19. fxe3 dxe3 20. Nf3 Nf5 21. O-O Nd4 22. Nxd4 Rxd4 23. b3
Rhd8 24. Rfe1 Rd3 25. Kf1 e5 26. Ke2 e4 27. Red1 Rd2+ 28. Rxd2 Rxd2+ 29. Kxe3
Rxg2 30. Rf1 Rg4 31. Rf2 Rh4 32. Rf8+ Kb7 33. Rf7+ Kb6 34. Rxg7 Rxh2 35. Kxe4
Rxa2 36. Rxh7 Rb2 37. Rh3 Kc5 38. Rh5+ Kc6 39. Rb5 Rd2 40. b4 Rd1 41. Rd5 Re1+
42. Kf3 a6 43. Rh5 Re6 44. Kf4 1/2-1/2

[Event "Floripa Chess Open 2024"]
[Site "Florianopolis"]
[Date "2024.01.23"]
[Round "5.204"]
[White "Gurski, Guilherme Rybu"]
[Black "Oga, Dora Mantelle"]
[Result "1-0"]
[WhiteElo "1354"]
[BlackElo "1800"]
[PlyCount "79"]
[EventDate "2024.01.20"]
[EventRounds "10"]
[EventCountry "BRA"]

1. c4 Nf6 2. Nc3 g6 3. Nf3 Bg7 4. g3 d6 5. Bg2 e5 6. d3 O-O 7. O-O Ne8 8. Rb1 (
{RR} 8. Qc2 f5 9. b4 a5 10. b5 h6 11. Ba3 Nd7 12. Rac1 Rb8 13. Nd5 b6 14. Rfd1
g5 15. e3 Ndf6 16. Nxf6+ Nxf6 17. d4 e4 18. Ne5 Qe8 19. Nc6 Ra8 20. c5 bxc5 21.
dxc5 d5 22. Bb2 Be6 {Pellus Ruiz,J (2200)-Munoz Pantoja,M (2480) Barcelona
2004 0-1 (72)}) 8... f5 9. Bd2 ({RR} 9. Qc2 Nc6 10. b4 f4 11. b5 Ne7 12. Nd5
Nxd5 13. cxd5 g5 14. Nd2 Bf5 15. Ne4 h6 16. a4 Qd7 17. a5 Bh3 18. a6 b6 19. Qc6
Rb8 20. Qxd7 Bxd7 21. Ba3 Kh7 22. Rfc1 Rf7 23. Rc4 Bf8 {Mickiewicz,P (2294)
-Lakshmi,C (2058) chess.com INT 2021 1-0 (37)}) 9... f4 $146 ({RR} 9... a5 10.
a3 h6 11. b4 g5 12. b5 Nd7 13. Qc1 Nc5 14. Ne1 f4 15. e3 Bf5 16. Ne4 Bxe4 17.
dxe4 fxg3 18. hxg3 Nf6 19. Qc2 Qe8 20. f3 g4 21. f4 Qg6 22. f5 Qg5 23. Kf2 b6
24. Rh1 {Masdeu Guttiere,J-Stojanovic,M (2325) Rimavska Sobota 1992 0-1 (44)})
({RR} 9... c6 10. b4 h6 11. b5 Be6 12. Ne1 g5 13. Qa4 d5 14. bxc6 bxc6 15. cxd5
cxd5 16. Nc2 Nc7 17. Rb7 Nba6 18. Qa5 Qd6 19. Na3 Qc6 20. Rbb1 e4 21. Rfc1 Qd7
22. Ncb5 Rfc8 23. Nxc7 Nxc7 24. Rb7 {Harnett,R (2013)-Tarhon,B (1787) Hinckley
Island 2012 1-0 (34)}) 10. b4 g5 11. h3 Rf6 12. Nxg5 Rg6 13. Bd5+ Kf8 14. h4
Rxg5 15. hxg5 Qxg5 16. Kg2 Nf6 17. Ne4 Qg4 18. Rh1 c6 19. Nxf6 Bxf6 20. Bf3 Qg6
21. Be4 Bf5 22. Bxf5 Qxf5 23. Rh3 Nd7 24. Qh1 Kg7 25. Rh5 Qg6 26. Qh3 Nf8 27.
Rh1 f3+ 28. Kxf3 Re8 29. e4 d5 30. cxd5 cxd5 31. Bh6+ Kg8 32. Bxf8 Rxf8 33. Rf5
dxe4+ 34. dxe4 Rc8 35. Re1 Rc3+ 36. Re3 Rc7 37. Qh5 Qg7 38. Qe8+ Qf8 39. Qxf8+
Kxf8 40. Rxf6+ 1-0

[Event "Floripa Chess Open 2024"]
[Site "Florianopolis"]
[Date "2024.01.23"]
[Round "5.206"]
[White "Biondo, Luiz Antonio Bortol"]
[Black "Friedrich, Augusto Johannpeter"]
[Result "1-0"]
[WhiteElo "1340"]
[BlackElo "1800"]
[PlyCount "76"]
[EventDate "2024.01.20"]
[EventRounds "10"]
[EventCountry "BRA"]

1. e4 e5 2. Nc3 Nf6 3. Bc4 Bc5 4. d3 Nc6 5. f4 d6 6. Nf3 Bg4 7. h3 Bxf3 8. Qxf3
Nd4 9. Qd1 a6 ({RR} 9... c6 10. fxe5 dxe5 11. Bg5 b5 12. Bb3 Nxb3 13. axb3 Qd4
14. Qf3 Nd7 15. Ra2 f6 16. Bd2 O-O 17. Ne2 Qd6 18. Be3 Rf7 19. O-O Bxe3+ 20.
Qxe3 Qc5 21. Qxc5 Nxc5 22. Rfa1 g6 23. g4 Ne6 24. Ra6 {Howell,D (2677)
-Melikhov,E (2271) chess.com INT 2023 1-0 (50)}) ({RR} 9... c6 10. fxe5 dxe5
11. Bg5 b5 12. Bb3 Qd6 13. Rf1 a5 14. Bxf6 gxf6 15. a4 Nxb3 16. cxb3 b4 17. Ne2
Rd8 18. Rc1 Rg8 19. g4 Bd4 20. Qc2 c5 21. Ng3 h5 22. Nxh5 Rg6 23. Ng3 Bxb2 24.
Qxb2 {Duchan,Y (1829)-Zaslavsky,O (1563) Ramat Gan ISR 2023 1-0 (35)}) 10. Ne2
$146 ({RR} 10. fxe5 dxe5 11. Bg5 h6 12. Bh4 b5 13. Bb3 Qd6 14. Rf1 g5 15. Bg3
a5 16. Bxf7+ Kd7 17. Nd5 Nxd5 18. exd5 Raf8 19. c3 Rh7 20. Qg4+ Ke7 21. cxd4
Bb4+ 22. Ke2 Rhxf7 23. Qe4 c6 24. a3 cxd5 {Nicolo,F (2125)-Kotermanska,A (1967)
Rewal 2008 1/2-1/2 (39)}) ({RR} 10. fxe5 Nd7 11. Qg4 Nxe5 12. Qxg7 Qh4+ 13. g3
Qh5 14. Qxh8+ Kd7 15. Qf6 Nxc2+ 16. Kd2 Nxa1 17. Qf5+ Qxf5 18. exf5 c6 19. Kd1
b5 20. d4 Bxd4 21. Bf1 b4 22. Ne2 Bc5 23. b3 Nd3 24. Rh2 a5 {Ledger,D (2285)
-Kilpatrick,C (2120) London 2007 0-1 (48)}) 10... b5 11. Bb3 a5 12. Nxd4 Bxd4
13. c3 Bc5 14. d4 exd4 15. cxd4 Bb4+ 16. Bd2 Bxd2+ 17. Qxd2 O-O 18. e5 dxe5 19.
fxe5 Nd7 20. O-O Nc5 21. Qf4 Ne6 22. Bxe6 fxe6 23. Qxf8+ Qxf8 24. Rxf8+ Kxf8
25. Rf1+ Ke7 26. Rf3 Ra6 27. Kf2 Rc6 28. Rc3 Kd7 29. Ke3 Rxc3+ 30. bxc3 Kc6 31.
Ke4 g6 32. h4 b4 33. c4 Kd7 34. d5 c6 35. d6 a4 36. Kd4 b3 37. axb3 c5+ 38. Kc3
axb3 1-0

[Event "Floripa Chess Open 2024"]
[Site "Florianopolis"]
[Date "2024.01.23"]
[Round "5.210"]
[White "Martins, Marlos Da Rosa"]
[Black "Orsini, Sarah De Oliveira"]
[Result "1-0"]
[WhiteElo "1296"]
[BlackElo "1685"]
[PlyCount "71"]
[EventDate "2024.01.20"]
[EventRounds "10"]
[EventCountry "BRA"]

1. Nf3 d5 2. g3 Nc6 3. Bg2 e5 4. d3 Nf6 5. O-O Bc5 6. Nxe5 Nxe5 7. d4 Bd6 8.
dxe5 Bxe5 9. c3 ({RR} 9. c4 dxc4 10. Nd2 c3 11. bxc3 O-O 12. Nc4 Bxc3 13. Rb1
Qxd1 14. Rxd1 Be6 15. Ne3 Rab8 16. Ba3 Rfe8 17. Bxb7 Bxa2 18. Rbc1 Ba5 19. Bc6
Re6 20. Bf3 h6 21. Bc5 a6 22. Nf5 Rb2 23. Rd8+ Re8 {Garcia Palermo,C (2427)
-Sprenger,J (2503) Tortoreto 2015 1/2-1/2 (56)}) ({RR} 9. c4 dxc4 10. Qxd8+
Kxd8 11. Rd1+ Ke7 12. Na3 c3 13. bxc3 c6 14. Nc4 Nd7 15. Ba3+ Ke6 16. Bh3+ f5
17. e4 g6 18. exf5+ gxf5 19. Re1 Kf6 20. Rad1 Re8 21. Bd6 Re6 22. Nxe5 Nxe5 23.
f4 Nc4 {Stojanovski,S (2179)-Kubicka,A (2240) chess.com INT 2023 0-1}) 9... O-O
10. Bg5 Be6 11. Nd2 $146 ({RR} 11. e3 h6 12. Bf4 Bxf4 13. gxf4 Qd7 14. Nd2 Rfe8
15. Nb3 Rad8 16. Nc5 Qb5 17. Nxe6 Rxe6 18. Qc2 Ne4 19. Rad1 Qd7 20. Kh1 Qe7 21.
a4 Red6 22. c4 dxc4 23. Bxe4 Rxd1 24. Bh7+ Kh8 25. Rxd1 Rxd1+ {Ivashko,
E-Edinak,N Tula 2005 0-1 (53)}) 11... h6 12. Bxf6 Qxf6 13. Nf3 Rad8 14. Nxe5
Qxe5 15. e3 Rfe8 16. Qd4 Qxd4 17. exd4 Bf5 18. Rfe1 b6 19. Rxe8+ Rxe8 20. Bxd5
Be4 21. Re1 c5 22. Rxe4 Rc8 23. Kf1 cxd4 24. Rxd4 Re8 25. c4 Rc8 26. b3 Rc5 27.
h4 b5 28. Rf4 g5 29. hxg5 hxg5 30. Rxf7 Kh8 31. Rxa7 bxc4 32. Bxc4 Rc8 33. a4
Rd8 34. a5 Rd2 35. a6 Ra2 36. Rc7 1-0

[Event "Floripa Chess Open 2024"]
[Site "Florianopolis"]
[Date "2024.01.23"]
[Round "5.214"]
[White "Garcia Cruz, Luis Manuel"]
[Black "Leith Acosta, Marcelo Alejandro"]
[Result "1-0"]
[WhiteElo "1381"]
[BlackElo "1110"]
[PlyCount "34"]
[EventDate "2024.01.20"]
[EventRounds "10"]
[EventCountry "BRA"]

1. e4 c5 2. Nf3 Nc6 3. d4 cxd4 4. Nxd4 Nf6 5. Nc3 e6 6. Be3 Bb4 7. Bd3 d5 8.
Nxc6 bxc6 ({RR} 8... b6 9. Nxd8 {1-0 (9) Narva,M (2276)-Obregon Garcia,R (2167)
chess.com INT 2021}) 9. Bg5 ({RR} 9. Bd2 dxe4 10. Nxe4 Nxe4 11. Bxe4 Qxd2+ 12.
Qxd2 Bxd2+ 13. Kxd2 Bb7 14. Kc3 O-O-O 15. Rad1 Kc7 16. h4 c5 17. Rxd8 Rxd8 18.
Bxh7 g6 19. h5 Rh8 20. hxg6 fxg6 21. f3 Bd5 22. Rh3 Kd6 23. Bxg6 Rxh3 {
Sadhwani,R (2545)-Hasangatin,R (2479) chess.com INT 2020 1-0 (51)}) 9... d4 10.
Bxf6 $146 ({RR} 10. a3 Ba5 11. b4 Bc7 12. Na4 h6 13. Bh4 g5 14. Bg3 Bxg3 15.
fxg3 e5 16. O-O Bg4 17. Qd2 O-O 18. Qf2 Ne8 19. Nc5 Nd6 20. Qf6 Qxf6 21. Rxf6
Rad8 22. Raf1 Kg7 23. a4 Rfe8 24. Nb7 Nxb7 {Aralioglu,A (1546)-Ozcan,K Kemer
2007 1-0 (42)}) ({RR} 10. e5 dxc3 11. b3 h6 12. exf6 hxg5 13. Qf3 gxf6 14. Rd1
Bd7 15. Be4 Rc8 16. O-O f5 17. Bd3 Qc7 18. g3 c5 19. Qe2 f4 20. Bb5 Bxb5 21.
Qxb5+ Qc6 22. Qc4 Ke7 23. a3 Rxh2 24. f3 Rch8 {Barasits,B (1493)-Kaufmann,P  
(1707) Hungary 2012 0-1 (38)}) 10... Qxf6 11. a3 dxc3 12. axb4 cxb2 13. Rb1 a5
14. bxa5 Rxa5 15. O-O O-O 16. Qd2 Ra4 17. c3 Rxe4 1-0